00883nam a2200241 a 450000500170000000800220001702000150003904100080005404400070006208200170006910000170008624501400010326001420024330000320038549000320041750400550044965000190050465000140052365000360053765000190057370000220059270000270061420200104041627.0140815|2008 cn spa  a9292250833 aspa acn a577.27bN25c1 aNasi, Robert10aConservación y utilización de recursos provenientes de la vida silvestre :bLa crisis de la carne de cazacRobert, Nasi... (et al.) aMontrealbSecretaria del Convenio sobre la Diversidad Biológica bCentro para la Investigación Forestal Internacional-(CIFOR) c2008 a53 p.bTablas, fot.c28 cm. aCuaderno Técnico CDB v33 aIncluye referencias bibliográficas (pag 45 - 53) 4aVida silvestre 4aCacería 4aConservación de biodiversidad 4aCarne de monte1 aBrown, Davideed.1 aBennet, Elizabetheed.